Engineering Materials / [Material Science] (Record no. 15677)
[ view plain ]
| 000 -LEADER | |
|---|---|
| fixed length control field | 00546cam a2200193ua 4500 |
| 003 - CONTROL NUMBER IDENTIFIER | |
| control field | OSt |
| 008 - FIXED-LENGTH DATA ELEMENTS--GENERAL INFORMATION | |
| fixed length control field | 190527b ||||| |||| 00| 0 eng d |
| 020 ## - INTERNATIONAL STANDARD BOOK NUMBER | |
| ISBN | 9789380358959 |
| 082 ## - DEWEY DECIMAL CLASSIFICATION NUMBER | |
| Classification number | 691 |
| Item number | RAN/EN |
| 100 ## - MAIN ENTRY--AUTHOR NAME | |
| Personal name | Rangwala, S C. |
| 100 ## - MAIN ENTRY--AUTHOR NAME | |
| Personal name | Rangwala K.S. |
| 100 ## - MAIN ENTRY--AUTHOR NAME | |
| Personal name | Rangwala P.S. |
| 245 ## - TITLE STATEMENT | |
| Title | Engineering Materials / [Material Science] |
| 250 ## - EDITION STATEMENT | |
| Edition statement | 22 / 43/ |
| 260 ## - PUBLICATION, DISTRIBUTION, ETC. (IMPRINT) | |
| Place of publication | New Delhi : |
| Name of publisher | Charotar Publishing House Pvt.Ltd |
| Year of publication | 2014 |
| 300 ## - PHYSICAL DESCRIPTION | |
| Number of Pages | 480 p. |
| 500 ## - GENERAL NOTE | |
| General note | *CSS<br/>A Textbook for Engineering Students |
| 942 ## - ADDED ENTRY ELEMENTS (KOHA) | |
| Koha item type | Books |
| Withdrawn status | Lost status | Damaged status | Collection code | Home library | Current library | Shelving location | Date acquired | Cost, normal purchase price | Full call number | Accession Number | Koha item type |
|---|---|---|---|---|---|---|---|---|---|---|---|
| Non-fiction | KAUAET | KAUAET | General Stacks | 27/05/2019 | 225.00 | 691 RAN/EN | 25972 | Books | |||
| Non-fiction | KAUAET | KAUAET | General Stacks | 27/05/2019 | 225.00 | 691 RAN/EN | 25973 | Books | |||
| Non-fiction | KAUAET | KAUAET | General Stacks | 27/05/2019 | 225.00 | 691 RAN/EN | 25974 | Books | |||
| KAUAET | KAUAET | Scheme | 03/06/2019 | 225.00 | 691 RAN/EN | BB 515 | Book Bank scheme for SC students |
